Guess The App Logos Pt. 2 - Statistics

General Stats
  • This quiz has been taken 82 times
  • The average score is 21 of 38
Answer Stats
Picture Answer % Correct
X
87%
Subway Surfers
85%
Photos
84%
PayPal
81%
Candy Crush
79%
Discord
79%
Settings
79%
Kahoot!
78%
Duolingo
75%
Pokemon Go
75%
Siri
75%
CapCut
72%
Clash Royale
69%
Geometry Dash
69%
Fruit Ninja
68%
Airbnb
65%
Shazam
63%
Brawl Stars
62%
Health
62%
DropBox
59%
Home
59%
Door Dash
56%
Vine
54%
Monopoly Go
53%
Zoom
50%
Photo Booth
44%
Talking Ben
41%
Waze
41%
Doodle Jump
38%
Magic Tiles
35%
Calander
34%
Jetpack Joyride
32%
Uber
25%
Mario Run
22%
Keynote
21%
Cookie Run Kingdom
16%
Too Good To Go
13%
Nintendo Music
12%
No matching quizzes found
Score Distribution
Percent of People with Each Score
Percentile by Number Answered
Your Score History
You have not taken this quiz